000 00649nam a2200229Ia 4500
005 20250508150821.0
008 008 250505s9999 xx 000 0 eng d
037 _aTextual
040 _aFEDL
_beng
_cFEDL
041 _aeng
_2eng
084 _a150.72, CRA
_qFEDL
100 _aCrafts Leland etal...
_9757302
245 0 _aRecent experiments in psychology
250 _a2nd
260 _aNew York, USA
_bMcGraw Hill Book Company
_c1950
300 _axvii,503p.
365 _aINR
_b180
490 _aMcGraw-Hill publication in psychology
650 _aPsychology
942 _cTEXL
_h150.72, CRA
999 _c1325850
_d1325850